Структуры рудных полей и месторождений вулканических поясов: сборник научных статей

Бібліографічні деталі
Співавтор: Академия наук СССР (АН СССР) Дальневосточное отделение (ДВО) Дальневосточный геологический институт
Інші автори: Хомич В. Г. (редактор)
Мова:Російська
Опубліковано: Владивосток, Изд-во ДВНЦ АН СССР, 1986
Предмети:
Формат: MixedMaterials Книга
KOHA link:https://koha.lib.tpu.ru/cgi-bin/koha/opac-detail.pl?biblionumber=253969

MARC

LEADER 00000nam0a2200000 4500
001 253969
005 20231101232907.0
035 |a (RuTPU)RU\TPU\book\276389 
090 |a 253969 
100 |a 20140318d1986 k y0rusy50 ca 
101 0 |a rus 
102 |a RU 
105 |a a z 001zy 
200 1 |a Структуры рудных полей и месторождений вулканических поясов  |e сборник научных статей  |f Академия наук СССР (АН СССР), Дальневосточное отделение (ДВО), Дальневосточный геологический институт ; отв. ред. В. Г. Хомич 
210 |a Владивосток  |c Изд-во ДВНЦ АН СССР  |d 1986 
215 |a 156 с.  |c ил. 
320 |a Библиография в конце статей 
606 1 |a Руды  |x Текстура  |2 stltpush  |3 (RuTPU)RU\TPU\subj\26060  |9 50073 
610 1 |a рудные поля 
610 1 |a рудные месторождения 
610 1 |a строение 
610 1 |a геодинамика 
610 1 |a вулканические пояса 
610 1 |a активация 
610 1 |a оруденение 
610 1 |a зональность 
610 1 |a локализация 
675 |a 553.078  |v 3 
702 1 |a Хомич  |b В. Г.  |4 340 
712 0 2 |a Академия наук СССР (АН СССР)  |b Дальневосточное отделение (ДВО)  |b Дальневосточный геологический институт  |2 stltpush  |3 (RuTPU)RU\TPU\col\13467 
801 1 |a RU  |b 63413507  |c 20140318 
801 2 |a RU  |b 63413507  |c 20150921  |g RCR 
942 |c BK